<?xml version="1.0" encoding="UTF-8"?>
<record
    xmlns:xsi="http://www.w3.org/2001/XMLSchema-instance"
    xsi:schemaLocation="http://www.loc.gov/MARC21/slim http://www.loc.gov/standards/marcxml/schema/MARC21slim.xsd"
    xmlns="http://www.loc.gov/MARC21/slim">

  <leader>00725nam a22002057a 4500</leader>
  <controlfield tag="005">20250115130950.0</controlfield>
  <controlfield tag="008">250115b        mx ||||| |||| 00| 0 spa d</controlfield>
  <datafield tag="020" ind1=" " ind2=" ">
    <subfield code="a">9682981824</subfield>
  </datafield>
  <datafield tag="050" ind1="0" ind2="4">
    <subfield code="a">BT587.S4</subfield>
    <subfield code="b">C84 1995</subfield>
  </datafield>
  <datafield tag="100" ind1="1" ind2=" ">
    <subfield code="a">Cuevas Cancino, Francisco.</subfield>
  </datafield>
  <datafield tag="245" ind1="1" ind2="0">
    <subfield code="a">Cuentos de la s&#xED;ndone</subfield>
    <subfield code="b">: ensayos y romances alrededor de la S&#xE1;bana Santa</subfield>
    <subfield code="c">/ Francisco Cuevas Cancino.</subfield>
  </datafield>
  <datafield tag="250" ind1=" " ind2=" ">
    <subfield code="a">1a ed.</subfield>
  </datafield>
  <datafield tag="260" ind1=" " ind2=" ">
    <subfield code="a">M&#xE9;xico :</subfield>
    <subfield code="b">Consejo Nacional para la Cultura y las Artes. Direcci&#xF3;n General de Publicaciones,</subfield>
    <subfield code="c">1995.</subfield>
  </datafield>
  <datafield tag="300" ind1=" " ind2=" ">
    <subfield code="a">619 p. ;</subfield>
    <subfield code="c">21 cm.</subfield>
  </datafield>
  <datafield tag="650" ind1=" " ind2="7">
    <subfield code="2">lemb</subfield>
    <subfield code="a">Santo sudario</subfield>
    <subfield code="v">Ensayos</subfield>
  </datafield>
  <datafield tag="650" ind1=" " ind2="4">
    <subfield code="a">Historia de la iglesia</subfield>
  </datafield>
  <datafield tag="650" ind1=" " ind2="7">
    <subfield code="2">lemb</subfield>
    <subfield code="a">Cristianismo</subfield>
    <subfield code="v">Novela</subfield>
  </datafield>
  <datafield tag="650" ind1=" " ind2="4">
    <subfield code="a">Jesucristo</subfield>
    <subfield code="x">Reliquias</subfield>
  </datafield>
  <datafield tag="942" ind1=" " ind2=" ">
    <subfield code="2">lcc</subfield>
    <subfield code="c">LIB</subfield>
  </datafield>
  <datafield tag="999" ind1=" " ind2=" ">
    <subfield code="c">85698</subfield>
    <subfield code="d">85698</subfield>
  </datafield>
  <datafield tag="952" ind1=" " ind2=" ">
    <subfield code="1">0</subfield>
    <subfield code="2">lcc</subfield>
    <subfield code="4">0</subfield>
    <subfield code="7">0</subfield>
    <subfield code="a">BACH-004</subfield>
    <subfield code="b">BACH-004</subfield>
    <subfield code="c">GENERAL</subfield>
    <subfield code="d">2025-01-15</subfield>
    <subfield code="f">1a ed.</subfield>
    <subfield code="k">EH</subfield>
    <subfield code="l">0</subfield>
    <subfield code="o">BT587.S4 C84 1995</subfield>
    <subfield code="p">PPO000007460</subfield>
    <subfield code="r">2025-01-15 13:11:22</subfield>
    <subfield code="t">1</subfield>
    <subfield code="v">1.00</subfield>
    <subfield code="y">LIB</subfield>
  </datafield>
  <datafield tag="952" ind1=" " ind2=" ">
    <subfield code="1">0</subfield>
    <subfield code="2">lcc</subfield>
    <subfield code="4">0</subfield>
    <subfield code="7">0</subfield>
    <subfield code="a">BACH-004</subfield>
    <subfield code="b">BACH-004</subfield>
    <subfield code="c">GENERAL</subfield>
    <subfield code="d">2025-01-15</subfield>
    <subfield code="f">1a ed.</subfield>
    <subfield code="k">EH</subfield>
    <subfield code="l">0</subfield>
    <subfield code="o">BT587.S4 C84 1995</subfield>
    <subfield code="p">PPO000007461</subfield>
    <subfield code="r">2025-01-15 13:12:24</subfield>
    <subfield code="t">2</subfield>
    <subfield code="v">1.00</subfield>
    <subfield code="y">LIB</subfield>
  </datafield>
</record>
